India: (Record no. 11866)

MARC details
000 -LEADER
fixed length control field 00741 a2200193 4500
010 ## - LIBRARY OF CONGRESS CONTROL NUMBER
LC control number ENG-90054
020 ## - INTERNATIONAL STANDARD BOOK NUMBER
Terms of availability 395.00
International Standard Book Number 0195689593
035 ## - SYSTEM CONTROL NUMBER
System control number EN-73587
037 ## - SOURCE OF ACQUISITION
Source of stock number/acquisition DBAD / PUB
082 14 - DEWEY DECIMAL CLASSIFICATION NUMBER
Classification number 333.73
090 ## - LOCALLY ASSIGNED LC-TYPE CALL NUMBER (OCLC); LOCAL CALL NUMBER (OCLC)
-- 12220
-- 12220
245 1# - TITLE STATEMENT
Title India:
Remainder of title land policies for growth and poverty reduction/
Statement of responsibility, etc Agriculture and rural development sector unit South Asia region
260 ## - PUBLICATION, DISTRIBUTION, ETC. (IMPRINT)
Place of publication, distribution, etc New Delhi
Name of publisher, distributor, etc Oxford University Press
Date of publication, distribution, etc 2007
270 ## - ADDRESS
Address YMCA Library Building, Jai Singh Road
City New Delhi
State or province Delhi
Postal code 110001
300 ## - PHYSICAL DESCRIPTION
Extent xxvi, 119p.
Dimensions 28 cm (Pbk.)
500 ## - GENERAL NOTE
General note Includes bibliographical references
942 ## - ADDED ENTRY ELEMENTS (KOHA)
Institution code [OBSOLETE] dpl
Koha item type English Books
Call number prefix 333.73 / IND
Holdings
Withdrawn status Lost status Source of classification or shelving scheme Damaged status Not for loan Collection code Home library Current library Source of acquisition Cost, normal purchase price Total Checkouts Full call number Barcode Date last seen Copy number Uniform Resource Identifier Cost, replacement price Price effective from Koha item type
    Dewey Decimal Classification   Not For Loan Non-fiction D.B.Act.Division D.B.Act.Division DBAD/PUB 395.00   333.73 IND EN-73587 15/09/2008 1 12981 395.00 15/09/2008 English Books

© Delhi Public Library
Hit Counter
free hit counter